STN EN 14227-3: 2013 (73 6184), Hydraulicky stmelené zmesi. Špecifikácie Časť 3 Zmesi stmelené popolčekom

Táto norma je slovenskou verziou európskej normy EN 14227-3: 2013. Preklad zabezpečil Slovenský ústav technickej normalizácie. Má rovnaké postavenie ako majú oficiálne verzie

Podrobná bibliografia
Ďalší autori: Gillinger, Ján (Prekladateľ)
Médium: Kniha
Jazyk:slovenčina
angličtina
Fyzický popis:36 s. obr., tab. 30 cm
Vydavateľské údaje: Bratislava Slovenský ústav technickej normalizácie 2013
Predmet:

MARC

LEADER 00000cam a2200000 a 4500
001 vtls010556921
003 SK-MaSNL
005 20260301090243.0
008 160430s2013 xo a f u 000 0 slo
015 |a SNBN2013 
020 |c (cen. skup. 5) 
040 |a SNK  |b slo  |c SNK  |e AACR2 
041 1 |a slo  |h eng 
044 |a xo  |c SK 
046 |a s  |m 201311 (účin.) 
072 7 |a 625  |x Pozemné komunikácie. Železničné staviteľstvo  |2 konspekt 
080 |a 625.7/.8  |2 2001 
080 |a 006.7/.8  |2 2001 
080 |a (437.6)  |2 2001 
080 |a (4)  |2 2001 
084 |a 93.080.20  |2 ICS 
130 0 |a STN 73 6184 (STN EN 14227-3)  |9 417734 
245 1 0 |a STN EN 14227-3: 2013 (73 6184), Hydraulicky stmelené zmesi. Špecifikácie  |n Časť 3  |p Zmesi stmelené popolčekom 
246 1 0 |a Hydraulicky stmelené zmesi 
246 1 0 |a Zmesi stmelené popolčekom 
246 3 0 |a EN 14227-3: 2013 SK 
260 |a Bratislava  |b Slovenský ústav technickej normalizácie  |c 2013 
300 |a 36 s.  |b obr., tab.  |c 30 cm 
500 |a Súbežný názov v angličtine, francúzštine, nemčine 
500 |a Spracovateľ: Ján Gillinger 
500 |a Táto norma nahrádza STN EN 14227-3 z októbra 2005 v celom rozsahu 
504 |a Citované normy, súvisiace právne predpisy s. 2 ; literatúra s. 36 
520 8 |a Táto norma je slovenskou verziou európskej normy EN 14227-3: 2013. Preklad zabezpečil Slovenský ústav technickej normalizácie. Má rovnaké postavenie ako majú oficiálne verzie 
540 |a STN vydané na akomkoľvek nosiči sa môžu rozmnožovať a rozširovať iba so súhlasom určenej právnickej osoby  |b SÚTN Bratislava  |c zákon 264/1999 Z. z. 
650 0 7 |a cestné staviteľstvo  |2 SNKPH  |9 51013 
650 0 7 |a technické normy a štandardy  |z Slovensko  |2 SNKPH  |9 79594 
650 0 7 |a technické normy a štandardy  |z krajiny Európskej únie  |2 SNKPH  |9 289341 
650 0 7 |a Road constructions  |2 SNKPHeng  |9 307009 
655 7 |a normy  |2 SNKPH  |9 70643 
700 1 |a Gillinger, Ján  |4 trl  |9 320900 
710 2 |a Slovenský ústav technickej normalizácie (Bratislava, Slovensko)  |b Technická komisia č. 94 Cestné staviteľstvo  |4 stn  |9 307007 
852 |a Štátna vedecká knižnica v Banskej Bystrici 
958 |a OP 
958 |a NB 
999 |c 667739  |d 669669 
952 |a SNK  |b SNK  |y PREZ  |7 0  |p 17A1093799  |o snkSTN EN 14227-3  |i snk2013/29357  |8 0  |0 0  |1 0  |4 0  |d 2013-11-28  |l 0  |r 2026-02-23 19:15:49  |w 2026-02-23 
952 |a SNK  |b SNK  |y PREZ  |7 0  |p 17A1093798  |o snkSTN EN 14227-3 D1  |i snk2013/29366  |8 0  |0 0  |1 0  |4 0  |d 2013-11-28  |l 0  |r 2026-02-23 19:15:49  |w 2026-02-23